书目信息 |
| 题名: |
真正的资本主义
|
|
| 作者: | 亚历山大 , Alexander 著 ;杨新鹏 译 | |
| 分册: | ||
| 出版信息: | 北京 新华出版社 2000 |
|
| 页数: | 243页 | |
| 开本: | 20cm | |
| 丛书名: | 当代资本主义研究译丛 | |
| 单 册: | ||
| 中图分类: | D033.3 | |
| 科图分类: | 31.253 | |
| 主题词: | 资本主义--研究 | |
| 电子资源: | ||
| ISBN: | 7-5011-4725-6 | |
| 000 | 00894oam2 2200277 45 | |
| 001 | 012000009539 | |
| 005 | 20041012095621.32 | |
| 010 | @a7-5011-4725-6@dCNY 15.00 | |
| 100 | @a20000225d2000 emky0chiy0121 ea | |
| 101 | 1 | @achi@ceng |
| 102 | @aCN@b110000 | |
| 105 | @ay z 000yy | |
| 200 | 1 | @a真正的资本主义@Azhen zheng de zi ben zhu yi@f(英)伊凡·亚历山大(Ivan Alexander)著@g杨新鹏译 |
| 210 | @a北京@c新华出版社@d2000 | |
| 215 | @a243页@d20cm | |
| 225 | 2 | @a当代资本主义研究译丛 |
| 410 | 0 | @12001 @a当代资本主义研究译丛 |
| 510 | 1 | @aThe civilized market corporations,conviction and the real business of capitalism@zeng |
| 606 | @a资本主义@x研究 | |
| 690 | @aD033.3@v4 | |
| 692 | @a31.253@v2 | |
| 701 | 1 | @a亚历山大@Aya li shan da@bI.@4著 |
| 701 | A1 | @aAlexander@bIvan@4著 |
| 702 | 0 | @a杨新鹏@Ayang xin peng@4译 |
| 801 | 0 | @aCN@bNLC@c20041012 |
| 905 | @a10447@dD033.3@eY484 | |
| 真正的资本主义/(英)伊凡·亚历山大(Ivan Alexander)著/杨新鹏译.-北京:新华出版社,2000 |
| 243页;20cm.-(当代资本主义研究译丛) |
| ISBN 7-5011-4725-6:CNY 15.00 |
| ● |
| 相关链接 |
|
|
|
正题名:真正的资本主义
索取号:D033.3/Y484
 
预约/预借
| 序号 | 登录号 | 条形码 | 馆藏地/架位号 | 状态 | 备注 |
| 1 | 399533 | 203995338 | 社科库509/509社科库 67排6列6层/ [索取号:D033.3/Y484] | 在馆 | |
| 2 | 399534 | 203995347 | 社科库509/509社科库 67排6列6层/ [索取号:D033.3/Y484] | 在馆 | |
| 3 | 399535 | 203995356 | 社科库509/509社科库 67排6列6层/ [索取号:D033.3/Y484] | 在馆 |